| 000 | 00630nam a2200205Ia 4500 | ||
|---|---|---|---|
| 005 | 20250508150712.0 | ||
| 008 | 008 250505s9999 xx 000 0 eng d | ||
| 037 | _aTextual | ||
| 040 |
_aFEDL _beng _cFEDL |
||
| 041 |
_aeng _2eng |
||
| 084 |
_a551, FIN _qFEDL |
||
| 100 | _aFinch Vernor C | ||
| 245 | 0 | _aEarth and its resources: A textbook for courses in physical geography and earth science | |
| 250 | _a2nd | ||
| 260 |
_aNew York, USA _bMcGraw-Hill Book Company _c1948 |
||
| 300 | _aviii,584p. | ||
| 700 |
_a Trewartha Glenn T Shearer M H _9757420 |
||
| 942 |
_cTEXL _h551, FIN |
||
| 999 |
_c1325150 _d1325150 |
||